Państwa świata z powierzchnią powyżej 1mln km². - Statystyki

Ogólne statystyki
  • Ten quiz został rozwiązany 32 razy
  • Średni wynik to 24 z 29
Statystyki odpowiedzi
Państwo Powierzchnia (km²) % Poprawnych
Brazylia 8 511 965
100%
Chiny 9 596 960
100%
Kanada 9 976 140
100%
Rosja 17 075 400
100%
Stany Zjednoczone 9 373 967
100%
Australia 7 686 850
97%
Meksyk 1 972 550
97%
Argentyna 2 766 890
94%
Indie 3 287 590
94%
Kazachstan 2 717 300
94%
Mongolia 1 564 116
94%
Algieria 2 381 741
90%
Demokratyczna Republika Konga 2 344 858
90%
Arabia Saudyjska 2 149 690
84%
Egipt 1 001 450
84%
Południowa Afryka 1 219 912
84%
Niger 1 267 000
81%
Peru 1 285 220
81%
Czad 1 284 000
77%
Indonezja 1 919 440
77%
Iran 1 648 195
77%
Kolumbia 1 139 82
74%
Etiopia 1 127 127
71%
Sudan 1 886 068
71%
Mali 1 240 192
68%
Angola 1 246 700
65%
Libia 1 759 540
65%
Boliwia 1 098 580
61%
Mauretania 1 030 700
58%
Nie znaleziono quizów pasujących do podanych kryteriów
Rozkład punktacji
Procent ludzi z każdym wynikiem
Percentyl według liczby udzielonych odpowiedzi
Twoja historia wyników
Nie rozwiązałeś tego quizu